000 00594nam a22002537a 4500
001 BR9505664
003 BR-BrBNA
005 20230928094635.0
007 ta
008 230509b bl.||||| |||| 00| 0 por d
040 _aBR-BrBNA
_bpor
_cBiblioteca Nacional de Agricultura
041 _a(Por)
072 _aL01
_b7100
090 _ 7100 BR9505664
100 1 _aMarques, A.N.
245 1 _aApicultura em marcha
260 3 _a[np]:
_c[nd].
300 _a17 p.
650 _aAbelha
650 _aApicultura
650 _aCriacao
909 _a202309
_bLucia
_c55
_dLucia Elande
942 _cBK
999 _c51815
_d51815